Historia de la revolución de México : (Registro nro. 40825)
[ vista simple ]
| 000 -LEADER | |
|---|---|
| fixed length control field | 01035cam a2200289 i 4500 |
| 001 - CONTROL NUMBER | |
| control field | 40825 |
| 003 - CONTROL NUMBER IDENTIFIER | |
| control field | Mx-PuUPA |
| 005 - DATE AND TIME OF LATEST TRANSACTION | |
| control field | 20241119104535.0 |
| 008 - FIXED-LENGTH DATA ELEMENTS--GENERAL INFORMATION | |
| fixed length control field | 140415s1967 mx gr 000 0 spa d |
| 040 ## - CATALOGING SOURCE | |
| Original cataloging agency | Mx-PuUPA |
| Transcribing agency | Mx-PuUPA |
| Language of cataloging | spa |
| Modifying agency | Mx-PuUPA |
| Description conventions | rda |
| 041 0# - LANGUAGE CODE | |
| Language code of text/sound track or separate title | spa |
| 100 1# - MAIN ENTRY--PERSONAL NAME | |
| Personal name | Portilla, Anselmo de la, |
| Dates associated with a name | 1816-1879 |
| 9 (RLIN) | 16468 |
| Relator term | autor |
| 245 10 - TITLE STATEMENT | |
| Title | Historia de la revolución de México : |
| Remainder of title | contra la dictadura del General Santa Anna 1853-1855 / |
| Statement of responsibility, etc. | Anselmo de la Portilla |
| 264 #1 - PRODUCTION, PUBLICATION, DISTRIBUTION, MANUFACTURE, AND COPYRIGHT NOTICE | |
| Place of production, publication, distribution, manufacture | México, D. F. : |
| Name of producer, publisher, distributor, manufacturer | Editora nacional, |
| Date of production, publication, distribution, manufacture, or copyright notice | 1967 |
| 300 ## - PHYSICAL DESCRIPTION | |
| Extent | 335 páginas ; |
| Dimensions | 17 cm |
| 336 ## - CONTENT TYPE | |
| Fuente | rdacontent |
| Content type term | texto |
| Content type code | txt |
| 337 ## - MEDIA TYPE | |
| Source | rdamedia |
| Media type term | sin medio |
| Media type code | n |
| 338 ## - CARRIER TYPE | |
| Source | rdacarrier |
| Carrier type term | volumen |
| Carrier type code | nc |
| 490 0# - SERIES STATEMENT | |
| Series statement | Colección Económica ; |
| Volume/sequential designation | 929 |
| 490 0# - SERIES STATEMENT | |
| Series statement | Libros de bolsillo Bunos Bonito Baratos |
| 600 14 - SUBJECT ADDED ENTRY--PERSONAL NAME | |
| Personal name | López de Santa Anna, Antonio, |
| Dates associated with a name | 1791-1853 |
| 651 #4 - SUBJECT ADDED ENTRY--GEOGRAPHIC NAME | |
| Geographic name | México |
| General subdivision | Historia |
| -- | Federalismo y centralismo |
| Chronological subdivision | 1824-1853 |
| 942 ## - ADDED ENTRY ELEMENTS (KOHA) | |
| Koha item type | Libro |
| Source of classification or shelving scheme | Dewey Decimal Classification |
| Classification part | 972.05 |
| Item part | L87 |
| Withdrawn status | Lost status | Source of classification or shelving scheme | Damaged status | Not for loan | Collection code | Home library | Current library | Shelving location | Date acquired | Source of acquisition | Total Checkouts | Full call number | Barcode | Date last seen | Price effective from | Koha item type |
|---|---|---|---|---|---|---|---|---|---|---|---|---|---|---|---|---|
| Dewey Decimal Classification | General | Centro de Estudios Guadalupanos | Centro de Estudios Guadalupanos | Sala general | 03/12/2013 | 972.05 L87 1967 | 45091 | 05/01/2026 | 03/12/2013 | Libro |